Catálogo

Extractos de Teódoto ; Ecoglas proféticas ; ¿Qué rico se salva? ; Fragmentos / (Registro nro. 41231)

Detalles MARC
000 -LEADER
fixed length control field 01992cam a2200445 i 4500
001 - CONTROL NUMBER
control field 41231
003 - CONTROL NUMBER IDENTIFIER
control field Mx-PuUPA
005 - DATE AND TIME OF LATEST TRANSACTION
control field 20250411102025.0
008 - FIXED-LENGTH DATA ELEMENTS--GENERAL INFORMATION
fixed length control field 140415s2010 sp gr 001 0 spa d
017 ## - COPYRIGHT OR LEGAL DEPOSIT NUMBER
Copyright or legal deposit number M-53574-2010
020 ## - INTERNATIONAL STANDARD BOOK NUMBER
International Standard Book Number 9788497152174
040 ## - CATALOGING SOURCE
Original cataloging agency Mx-PuUPA
Language of cataloging spa
Transcribing agency Mx-PuUPA
Modifying agency Mx-PuUPA
Description conventions rda
041 1# - LANGUAGE CODE
Language code of text/sound track or separate title spa
Language code of original grc
100 0# - MAIN ENTRY--PERSONAL NAME
Personal name Clement,
Titles and words associated with a name of Alexandria, Saint,
Dates associated with a name approximately 150-approximately 215
9 (RLIN) 16732
Relator term autor
245 10 - TITLE STATEMENT
Title Extractos de Teódoto ; Ecoglas proféticas ; ¿Qué rico se salva? ; Fragmentos /
Statement of responsibility, etc. Clemente de Alejandría ; introducción, traducción y notas de Marcelo Merino Rodríguez
250 ## - EDITION STATEMENT
Edition statement Bilingüe /
Remainder of edition statement preparada por Marcelo Merino Rodríguez
264 #1 - PRODUCTION, PUBLICATION, DISTRIBUTION, MANUFACTURE, AND COPYRIGHT NOTICE
Place of production, publication, distribution, manufacture Madrid, España :
Name of producer, publisher, distributor, manufacturer Editorial Ciudad Nueva,
Date of production, publication, distribution, manufacture, or copyright notice ©2010
300 ## - PHYSICAL DESCRIPTION
Extent 464 páginas ;
Dimensions 24 cm
336 ## - CONTENT TYPE
Fuente rdacontent
Content type term texto
Content type code txt
337 ## - MEDIA TYPE
Source rdamedia
Media type term sin medio
Media type code n
338 ## - CARRIER TYPE
Source rdacarrier
Carrier type term volumen
Carrier type code nc
490 0# - SERIES STATEMENT
Series statement Fuentes patrísticas ;
Volume/sequential designation 29
546 ## - LANGUAGE NOTE
Language note Texto en griego antiguo y español.
650 #7 - SUBJECT ADDED ENTRY--TOPICAL TERM
Source of heading or term armarc
Topical term or geographic name entry element Teología
General subdivision Obras tempranas hasta 1800
9 (RLIN) 13986
650 #7 - SUBJECT ADDED ENTRY--TOPICAL TERM
Source of heading or term armarc
Topical term or geographic name entry element Padres del a Iglesia
Chronological subdivision Siglos II - III
650 #7 - SUBJECT ADDED ENTRY--TOPICAL TERM
Source of heading or term armarc
Topical term or geographic name entry element Literatura cristiana primitiva
700 1# - ADDED ENTRY--PERSONAL NAME
Personal name Merino Rodríguez, Marcelo
Relator term traductor
-- autor de introducción
-- autor de notas
-- editor
700 02 - ADDED ENTRY--PERSONAL NAME
Personal name Clemente de Alejandría,
Title of a work ’Εκ τὣν Θεοδότο ἐπιτομαί.
Language of a work Español
700 02 - ADDED ENTRY--PERSONAL NAME
Personal name Clemente de Alejandría,
Title of a work ’Εκ τὣν προφητικὣν ἐκλογαί.
Language of a work Español
700 02 - ADDED ENTRY--PERSONAL NAME
Personal name Clemente de Alejandría,
Title of a work Τίς ὸ σωζόμενος πλοὑσιος.
Language of a work Español
700 02 - ADDED ENTRY--PERSONAL NAME
Personal name Clemente de Alejandría,
Title of a work Φραγμέντα.
Language of a work Español
740 02 - ADDED ENTRY--UNCONTROLLED RELATED/ANALYTICAL TITLE
Uncontrolled related/analytical title Extractos de Teódoto
740 02 - ADDED ENTRY--UNCONTROLLED RELATED/ANALYTICAL TITLE
Uncontrolled related/analytical title Éclogas Proféticas
740 02 - ADDED ENTRY--UNCONTROLLED RELATED/ANALYTICAL TITLE
Uncontrolled related/analytical title ¿Qué rico de salva?
740 02 - ADDED ENTRY--UNCONTROLLED RELATED/ANALYTICAL TITLE
Uncontrolled related/analytical title Fragmentos
942 ## - ADDED ENTRY ELEMENTS (KOHA)
Source of classification or shelving scheme Dewey Decimal Classification
Koha item type Libro
Classification part 230.14
Item part C62
Existencias
Withdrawn status Lost status Source of classification or shelving scheme Damaged status Not for loan Collection code Home library Current library Shelving location Date acquired Source of acquisition Total Checkouts Total Renewals Full call number Barcode Date last seen Date last checked out Price effective from Koha item type
    Dewey Decimal Classification     Magisterial Biblioteca Karol Wojtyla Biblioteca Karol Wojtyla Módulo de circulación 03/12/2013 Compra 1 1 230.14 C62 2010 62121 18/02/2026 12/05/2025 03/12/2013 Magisterial